[Event "Prefeitura de São Paulo"]
[Site "Sao Paulo BRA"]
[Date "2006.15.11"]
[Round "6.3"]
[White "Vescovi, Giovanni"]
[Black "Bachmann, Axel"]
[Result "1-0"]
[WhiteElo "2592"]
[BlackElo "2473"]
[PlyCount "67"]
[EventDate "2006.15.11"]
[EventType "tourn"]
[EventRounds "11"]
[EventCountry "BRA"]
[EventCategory "10"]
[Source "lmi"]
[SourceDate "2006.11.11"]

1. d4 Nf6 2. c4 g6 3. Nc3 Bg7 4. e4 d6 5. Nf3 O-O 6. Be2 e5 7. d5 a5 8. Bg5 h6
9. Bh4 Na6 10. Nd2 Qe8 11. a3 Bd7 12. O-O Nh7 13. Kh1 h5 14. f3 Bh6 15. b3 Be3
16. Qc2 g5 17. Bf2 Bxf2 18. Rxf2 f5 19. exf5 Bxf5 20. Bd3 Bxd3 21. Qxd3 Rf4 22.
Nde4 Qg6 23. c5 Nf6 24. Nxf6+ Qxf6 25. Ne4 Qg6 26. c6 bxc6 27. dxc6 g4 28. b4
axb4 29. axb4 Raf8 30. Qxa6 d5 31. Nc3 Rc4 32. Nxd5 Qd3 33. Ne3 Rc1+ 34. Rf1
1-0

[Event "Prefeitura de São Paulo"]
[Site "Sao Paulo BRA"]
[Date "2006.15.11"]
[Round "6.4"]
[White "Felgaer, Ruben"]
[Black "Di Berardino, Diego"]
[Result "1-0"]
[WhiteElo "2591"]
[BlackElo "2370"]
[PlyCount "81"]
[EventDate "2006.15.11"]
[EventType "tourn"]
[EventRounds "11"]
[EventCountry "BRA"]
[EventCategory "10"]
[Source "lmi"]
[SourceDate "2006.11.11"]

1. c4 g6 2. Nc3 Bg7 3. g3 e5 4. Bg2 Nc6 5. e3 f5 6. Nge2 Nf6 7. d4 d6 8. dxe5
dxe5 9. Bxc6+ bxc6 10. Qxd8+ Kxd8 11. b3 e4 12. Bb2 Ng4 13. Rd1+ Ke8 14. Na4
Bxb2 15. Nxb2 Ne5 16. Na4 f4 17. Nxf4 g5 18. Nh5 Rf8 19. h3 Nd3+ 20. Rxd3 exd3
21. Nc5 d2+ 22. Ke2 d1=Q+ 23. Rxd1 Bxh3 24. f3 g4 25. f4 Kf7 26. f5 Bg2 27.
Rd7+ Kg8 28. Rg7+ Kh8 29. e4 Rae8 30. Kd3 Re5 31. Kd4 Rxc5 32. Kxc5 Bxe4 33.
Rxc7 Bxf5 34. Rxc6 Bb1 35. Nf6 Bxa2 36. b4 h5 37. Kd4 h4 38. gxh4 g3 39. Nh5
Rd8+ 40. Kc3 Rd1 41. Nxg3 1-0

[Event "Prefeitura de São Paulo"]
[Site "Sao Paulo BRA"]
[Date "2006.15.11"]
[Round "6.5"]
[White "Leitao, Rafael"]
[Black "Rodriguez, Andres"]
[Result "1/2-1/2"]
[WhiteElo "2601"]
[BlackElo "2496"]
[PlyCount "27"]
[EventDate "2006.15.11"]
[EventType "tourn"]
[EventRounds "11"]
[EventCountry "BRA"]
[EventCategory "10"]
[Source "lmi"]
[SourceDate "2006.11.11"]

1. Nf3 e6 2. c4 Nf6 3. Nc3 c5 4. g3 Nc6 5. Bg2 Be7 6. O-O a6 7. d4 cxd4 8. Nxd4
Qb6 9. Nxc6 dxc6 10. Na4 Qc7 11. Be3 O-O 12. Qc2 c5 13. Bf4 Qa5 14. Bd2 1/2-1/2

[Event "Prefeitura de São Paulo"]
[Site "Sao Paulo BRA"]
[Date "2006.15.11"]
[Round "6.6"]
[White "Milos, Gilberto"]
[Black "Fier, Alexandr"]
[Result "1/2-1/2"]
[WhiteElo "2563"]
[BlackElo "2490"]
[PlyCount "48"]
[EventDate "2006.15.11"]
[EventType "tourn"]
[EventRounds "11"]
[EventCountry "BRA"]
[EventCategory "10"]
[Source "lmi"]
[SourceDate "2006.11.11"]

1. d4 Nf6 2. Nf3 e6 3. c4 b6 4. e3 Bb7 5. Bd3 g6 6. Nc3 d5 7. cxd5 exd5 8. O-O
Bg7 9. b4 O-O 10. a4 Ne4 11. Qb3 a6 12. Ba3 Re8 13. Rac1 Nxc3 14. Rxc3 c6 15.
Qc2 Nd7 16. e4 c5 17. bxc5 bxc5 18. e5 cxd4 19. Rb3 Rc8 20. Qb1 Bc6 21. Bxa6
Ra8 22. Bb5 Bxb5 23. axb5 Nxe5 24. Nxe5 Bxe5 1/2-1/2

[Event "Prefeitura de São Paulo"]
[Site "Sao Paulo BRA"]
[Date "2006.15.11"]
[Round "7.2"]
[White "Rodriguez, Andres"]
[Black "Milos, Gilberto"]
[Result "1-0"]
[WhiteElo "2496"]
[BlackElo "2563"]
[PlyCount "73"]
[EventDate "2006.15.11"]
[EventType "tourn"]
[EventRounds "11"]
[EventCountry "BRA"]
[EventCategory "10"]
[Source "lmi"]
[SourceDate "2006.11.11"]

1. e4 c5 2. Nf3 Nc6 3. d4 cxd4 4. Nxd4 Nf6 5. Nc3 d6 6. Be3 e5 7. Nb3 Be7 8.
Qd2 O-O 9. O-O-O a5 10. Kb1 a4 11. Nc1 Be6 12. f3 a3 13. b3 Nb4 14. g4 Rc8 15.
g5 Nd7 16. N1e2 Qa5 17. h4 Rc7 18. Bh3 Rfc8 19. Rc1 Qa6 20. h5 Nf8 21. Rh2 Qc6
22. Nd5 Nxd5 23. exd5 Bxd5 24. Bxc8 Rxc8 25. f4 Be4 26. Ng3 exf4 27. Bxf4 Ne6
28. Nxe4 Qxe4 29. Re1 Qf3 30. Rf2 Qg4 31. Qe2 Qxe2 32. Rexe2 g6 33. hxg6 hxg6
34. c4 Rd8 35. Rh2 Rd7 36. Bd2 Bxg5 37. Rxe6 1-0

[Event "Prefeitura de São Paulo"]
[Site "Sao Paulo BRA"]
[Date "2006.15.11"]
[Round "7.3"]
[White "Di Berardino, Diego"]
[Black "Leitao, Rafael"]
[Result "0-1"]
[WhiteElo "2370"]
[BlackElo "2601"]
[PlyCount "58"]
[EventDate "2006.15.11"]
[EventType "tourn"]
[EventRounds "11"]
[EventCountry "BRA"]
[EventCategory "10"]
[Source "lmi"]
[SourceDate "2006.11.11"]

1. e4 d6 2. Nc3 g6 3. g3 Bg7 4. Bg2 c5 5. d3 Nc6 6. f4 Nf6 7. Nf3 O-O 8. O-O
Rb8 9. h3 b5 10. a3 a5 11. Be3 b4 12. axb4 axb4 13. Ne2 Bb7 14. Rc1 Ra8 15. g4
Ra2 16. b3 Nd7 17. Qe1 e6 18. f5 exf5 19. gxf5 Nde5 20. Nh2 Re8 21. Qf2 Nd4 22.
Nxd4 Nxd3 23. fxg6 Nxf2 24. gxf7+ Kxf7 25. Rxf2+ Kg8 26. Nf5 Bxe4 27. Nxg7 Kxg7
28. Bxe4 Rxe4 29. Rg2+ Kf7 0-1

[Event "Prefeitura de São Paulo"]
[Site "Sao Paulo BRA"]
[Date "2006.15.11"]
[Round "7.4"]
[White "Bachmann, Axel"]
[Black "Felgaer, Ruben"]
[Result "1-0"]
[WhiteElo "2473"]
[BlackElo "2591"]
[PlyCount "97"]
[EventDate "2006.15.11"]
[EventType "tourn"]
[EventRounds "11"]
[EventCountry "BRA"]
[EventCategory "10"]
[Source "lmi"]
[SourceDate "2006.11.11"]

1. e4 c5 2. Nf3 Nc6 3. Nc3 g6 4. Bb5 Bg7 5. O-O e5 6. Bxc6 bxc6 7. d3 Ne7 8.
Be3 d6 9. Nd2 O-O 10. f4 exf4 11. Bxf4 Be6 12. Nf3 h6 13. h4 Rb8 14. Rb1 f5 15.
Qd2 Kh7 16. Rfe1 Qd7 17. e5 dxe5 18. Bxe5 Bxe5 19. Rxe5 Bd5 20. Qe3 Rf7 21. Re1
Ng8 22. Nxd5 cxd5 23. Qxc5 Rc8 24. Qf2 Nf6 25. R5e2 Ng4 26. Qd4 f4 27. c3 Rcf8
28. c4 Qf5 29. Ne5 Nxe5 30. Rxe5 Qf6 31. Qxd5 Qxh4 32. Qf3 Qd8 33. b3 Qd4+ 34.
Kh2 Rd8 35. Re7 Rd7 36. Rxf7+ Rxf7 37. Re4 Qd6 38. d4 g5 39. c5 Qg6 40. Re5 Kg7
41. d5 g4 42. Qe4 Qf6 43. Re6 Qh4+ 44. Kg1 f3 45. Qg6+ Kf8 46. Qxh6+ Qxh6 47.
Rxh6 f2+ 48. Kf1 Rf5 49. c6 1-0

[Event "Prefeitura de São Paulo"]
[Site "Sao Paulo BRA"]
[Date "2006.15.11"]
[Round "7.5"]
[White "Diamant, Andre"]
[Black "Vescovi, Giovanni"]
[Result "1/2-1/2"]
[WhiteElo "2396"]
[BlackElo "2592"]
[PlyCount "51"]
[EventDate "2006.15.11"]
[EventType "tourn"]
[EventRounds "11"]
[EventCountry "BRA"]
[EventCategory "10"]
[Source "lmi"]
[SourceDate "2006.11.11"]

1. e4 e6 2. d4 d5 3. Nd2 c5 4. Ngf3 cxd4 5. Nxd4 Nc6 6. Bb5 Bd7 7. Nxc6 Bxc6 8.
Bxc6+ bxc6 9. c4 Nf6 10. Qa4 Qd7 11. e5 Ng8 12. O-O Ne7 13. Nf3 dxc4 14. Rd1
Nd5 15. Qxc4 Be7 16. Qg4 g6 17. Bh6 Rb8 18. b3 Rg8 19. Bd2 h5 20. Qe4 Rh8 21.
Rac1 Kf8 22. Qa4 Rc8 23. Be3 Kg7 24. Bc5 Rhd8 25. h4 Qb7 26. Bxe7 1/2-1/2

[Event "Prefeitura de São Paulo"]
[Site "Sao Paulo BRA"]
[Date "2006.11.16"]
[Round "8.1"]
[White "Sunye, Jaime"]
[Black "El Debs, Felipe"]
[Result "1-0"]
[WhiteElo "2503"]
[BlackElo "2370"]
[PlyCount "119"]
[EventDate "2006.15.11"]
[EventType "tourn"]
[EventRounds "11"]
[EventCountry "BRA"]
[EventCategory "10"]
[Source "lmi"]
[SourceDate "2006.11.11"]

1. c4 c5 2. Nf3 Nc6 3. Nc3 e5 4. g3 g6 5. Bg2 Bg7 6. O-O Nge7 7. a3 a5 8. d3
O-O 9. Bd2 d6 10. Rb1 Rb8 11. Ne1 Be6 12. Nc2 d5 13. b3 h6 14. cxd5 Nxd5 15.
Ne3 Nde7 16. Na4 b6 17. b4 axb4 18. axb4 Qd6 19. b5 Nd4 20. Nc4 Qc7 21. e3 Ndf5
22. Qc2 Bd5 23. Bxd5 Nxd5 24. Rfc1 Nd6 25. e4 Nxc4 26. dxc4 Ne7 27. Nc3 Rbd8
28. Be3 f5 29. Rd1 f4 30. Rxd8 Rxd8 31. Bd2 Qd7 32. Nd5 Nxd5 33. exd5 f3 34.
Qe4 Rf8 35. Rb3 Qf7 36. Ra3 h5 37. h4 Kh7 38. Bg5 Bh8 39. Kh2 Bg7 40. d6 Qe6
41. Be7 Rf7 42. Rxf3 Rxf3 43. Qxf3 e4 44. Qf4 Be5 45. Qd2 Bd4 46. Qe2 Kg7 47.
Bg5 Qxd6 48. Qxe4 Bxf2 49. Bf4 Qd7 50. Be5+ Kf7 51. Qf3+ Qf5 52. Qxf5+ gxf5 53.
Bc7 Ke6 54. Kg2 Be1 55. Bxb6 Kd6 56. Kf3 Bd2 57. Ba7 Bc1 58. Bb8+ Kd7 59. Bf4
Bb2 60. Be3 1-0

[Event "Prefeitura de São Paulo"]
[Site "Sao Paulo BRA"]
[Date "2006.11.16"]
[Round "8.2"]
[White "Vescovi, Giovanni"]
[Black "Lima, Darcy"]
[Result "1-0"]
[WhiteElo "2592"]
[BlackElo "2466"]
[PlyCount "59"]
[EventDate "2006.15.11"]
[EventType "tourn"]
[EventRounds "11"]
[EventCountry "BRA"]
[EventCategory "10"]
[Source "lmi"]
[SourceDate "2006.11.11"]

1. e4 e5 2. Nf3 Nc6 3. Bb5 Nf6 4. d3 d6 5. c3 Bd7 6. Ba4 g6 7. O-O Bg7 8. Re1
O-O 9. Nbd2 Qe8 10. Nf1 Nh5 11. Bb3 Kh8 12. Ne3 f5 13. exf5 gxf5 14. Nd5 Rc8
15. d4 e4 16. Ng5 Nd8 17. f3 Ne6 18. fxe4 Nxg5 19. Bxg5 Qg6 20. h4 Rce8 21.
exf5 Rxe1+ 22. Qxe1 Qxf5 23. Be7 Rc8 24. Qe3 Bb5 25. a4 Bc6 26. Rf1 Qg4 27. Qg5
Qe6 28. Nb6 Qxb3 29. Nxc8 Qc2 30. Bf8 1-0

[Event "Prefeitura de São Paulo"]
[Site "Sao Paulo BRA"]
[Date "2006.11.16"]
[Round "8.3"]
[White "Felgaer, Ruben"]
[Black "Diamant, Andre"]
[Result "1-0"]
[WhiteElo "2591"]
[BlackElo "2396"]
[PlyCount "127"]
[EventDate "2006.15.11"]
[EventType "tourn"]
[EventRounds "11"]
[EventCountry "BRA"]
[EventCategory "10"]
[Source "lmi"]
[SourceDate "2006.11.11"]

1. e4 c5 2. Nf3 e6 3. d4 cxd4 4. Nxd4 a6 5. Bd3 Bc5 6. Nb3 Ba7 7. Qg4 Nf6 8.
Qg3 Nc6 9. Nc3 d6 10. O-O Ne5 11. Be2 b5 12. Bf4 b4 13. Rad1 Qe7 14. Rxd6 Ng6
15. e5 bxc3 16. exf6 gxf6 17. Bf3 Nxf4 18. Qxf4 Bb8 19. Qa4+ Kf8 20. Rd3 Ra7
21. Rfd1 h5 22. Na5 cxb2 23. Nc6 Bd7 24. Qb3 Bxc6 25. Qxb8+ Be8 26. Bc6 Kg7 27.
Qg3+ Kh7 28. Qh4 Kg7 29. Bxe8 Rxe8 30. Qxh5 Qb4 31. Rg3+ Kf8 32. Rb3 Qc4 33.
Rxb2 Ke7 34. g3 Rc7 35. Qf3 Rec8 36. Qa3+ Ke8 37. Rd6 Qe2 38. Qxa6 Qe1+ 39. Qf1
Qa5 40. Rdb6 Rxc2 41. Qb5+ Qxb5 42. R6xb5 Rc1+ 43. Kg2 Ra1 44. Rb7 Ra8 45. Rc7
Kf8 46. Rbb7 Kg7 47. Rxf7+ Kg6 48. Rg7+ Kf5 49. Rb5+ e5 50. Rb6 R1xa2 51. Rf7
Rc2 52. Rfxf6+ Ke4 53. Rb3 Raa2 54. Re3+ Kd4 55. Rd6+ Kc5 56. Rf6 Kd4 57. Rf8
Rc5 58. Rd8+ Kc4 59. Re4+ Kc3 60. Re8 Raa5 61. h4 Kd3 62. Kf3 Kd2 63. h5 Ra3+
64. Kg2 1-0

[Event "Prefeitura de São Paulo"]
[Site "Sao Paulo BRA"]
[Date "2006.11.16"]
[Round "8.4"]
[White "Leitao, Rafael"]
[Black "Bachmann, Axel"]
[Result "1-0"]
[WhiteElo "2601"]
[BlackElo "2473"]
[PlyCount "131"]
[EventDate "2006.15.11"]
[EventType "tourn"]
[EventRounds "11"]
[EventCountry "BRA"]
[EventCategory "10"]
[Source "lmi"]
[SourceDate "2006.11.11"]

1. d4 Nf6 2. c4 g6 3. Nc3 Bg7 4. e4 d6 5. Bd3 O-O 6. Nge2 c5 7. d5 e6 8. O-O
exd5 9. cxd5 Re8 10. Ng3 a6 11. a4 Nbd7 12. h3 Qc7 13. f4 c4 14. Bc2 Rb8 15.
Be3 Nc5 16. a5 b5 17. axb6 Rxb6 18. Na4 Nxa4 19. Bxa4 Nxe4 20. Bxe8 Nxg3 21.
Rf3 Nf5 22. Bxb6 Qxb6+ 23. Kh2 Bxb2 24. Rb1 Qb4 25. Qa4 Qxa4 26. Bxa4 c3 27.
Rxb2 cxb2 28. Rb3 Ne7 29. Rxb2 Bf5 30. g4 Bd3 31. Rb8+ Kg7 32. Bb3 Be4 33. Rd8
Nxd5 34. Kg3 Ne7 35. Rxd6 Bc6 36. Kf2 Bb5 37. Rb6 Bd3 38. Rb7 Kf8 39. Rb8+ Kg7
40. Rb7 Kf8 41. g5 Be4 42. Ra7 Bd5 43. Bxd5 Nxd5 44. Kf3 Ne7 45. h4 Nf5 46. h5
gxh5 47. Ke4 Ng3+ 48. Ke5 Kg7 49. Rxa6 Nf1 50. Rh6 Ne3 51. Rxh5 Nc4+ 52. Kd5
Nb6+ 53. Ke4 Nd7 54. Rh1 Nc5+ 55. Kf5 Ne6 56. Kg4 Nf8 57. Rh6 Nd7 58. Rd6 Nc5
59. f5 Ne4 60. Rd4 Nc5 61. Kh5 f6 62. Rc4 Nd3 63. Rc7+ Kf8 64. g6 hxg6+ 65.
fxg6 Ne5 66. Kh6 1-0

[Event "Prefeitura de São Paulo"]
[Site "Sao Paulo BRA"]
[Date "2006.11.16"]
[Round "8.5"]
[White "Milos, Gilberto"]
[Black "Di Berardino, Diego"]
[Result "1-0"]
[WhiteElo "2563"]
[BlackElo "2370"]
[PlyCount "63"]
[EventDate "2006.15.11"]
[EventType "tourn"]
[EventRounds "11"]
[EventCountry "BRA"]
[EventCategory "10"]
[Source "lmi"]
[SourceDate "2006.11.11"]

1. d4 d5 2. Nf3 c6 3. c4 e6 4. Nbd2 Nf6 5. g3 Nbd7 6. Bg2 Bd6 7. O-O O-O 8. Qc2
e5 9. cxd5 cxd5 10. dxe5 Nxe5 11. Nxe5 Bxe5 12. Nf3 Qe7 13. Rd1 Bg4 14. Bg5
Bxf3 15. Bxf3 d4 16. Rac1 Rfe8 17. Qb3 h6 18. Bd2 Rad8 19. Qxb7 Qxb7 20. Bxb7
d3 21. exd3 Rxd3 22. Be3 Rxd1+ 23. Rxd1 Bxb2 24. Rb1 Bc3 25. Bxa7 Re2 26. a4
Ra2 27. Bc6 Ng4 28. Bb5 Ne5 29. Kg2 g5 30. Rc1 Bd2 31. Rc7 g4 32. Bd4 1-0

[Event "Prefeitura de São Paulo"]
[Site "Sao Paulo BRA"]
[Date "2006.11.16"]
[Round "8.6"]
[White "Fier, Alexandr"]
[Black "Rodriguez, Andres"]
[Result "1/2-1/2"]
[WhiteElo "2490"]
[BlackElo "2496"]
[PlyCount "29"]
[EventDate "2006.15.11"]
[EventType "tourn"]
[EventRounds "11"]
[EventCountry "BRA"]
[EventCategory "10"]
[Source "lmi"]
[SourceDate "2006.11.11"]

1. e4 e6 2. d4 d5 3. Nc3 Bb4 4. e5 Ne7 5. a3 Bxc3+ 6. bxc3 b6 7. a4 Ba6 8. Bxa6
Nxa6 9. Ne2 Nb8 10. Ba3 Nbc6 11. Nf4 g6 12. Bb4 Qd7 13. Qd3 Nxb4 14. cxb4 c5
15. bxc5 1/2-1/2

[Event "Prefeitura de São Paulo"]
[Site "Sao Paulo BRA"]
[Date "2006.11.17"]
[Round "9.1"]
[White "Rodriguez, Andres"]
[Black "Sunye, Jaime"]
[Result "1-0"]
[WhiteElo "2496"]
[BlackElo "2503"]
[PlyCount "77"]
[EventDate "2006.15.11"]
[EventType "tourn"]
[EventRounds "11"]
[EventCountry "BRA"]
[EventCategory "10"]
[Source "lmi"]
[SourceDate "2006.11.11"]

1. e4 c5 2. Nc3 a6 3. g3 b5 4. Bg2 Bb7 5. d3 e6 6. f4 Nf6 7. Nf3 d5 8. e5 d4 9.
Ne2 Nd5 10. c4 dxc3 11. bxc3 Be7 12. O-O O-O 13. Rb1 Nc6 14. c4 Ndb4 15. Ne1
Nxa2 16. cxb5 axb5 17. Rxb5 Qc7 18. Be3 Rfd8 19. Rf2 Ba6 20. Rb2 Nab4 21. Be4
Rab8 22. Nc3 Nd4 23. Rfd2 Bb7 24. Qb1 Bxe4 25. Nxe4 h6 26. Bf2 Qc6 27. g4 Nb5
28. f5 Bf8 29. h3 Na3 30. Qd1 Rd5 31. Qc1 Rc8 32. f6 g6 33. Rd1 Rxe5 34. Qc3
Rxe4 35. dxe4 Nb5 36. Qe3 c4 37. Rdb1 c3 38. Rxb4 Bxb4 39. Rxb4 1-0

[Event "Prefeitura de São Paulo"]
[Site "Sao Paulo BRA"]
[Date "2006.11.17"]
[Round "9.2"]
[White "Di Berardino, Diego"]
[Black "Fier, Alexandr"]
[Result "1/2-1/2"]
[WhiteElo "2370"]
[BlackElo "2490"]
[PlyCount "71"]
[EventDate "2006.15.11"]
[EventType "tourn"]
[EventRounds "11"]
[EventCountry "BRA"]
[EventCategory "10"]
[Source "lmi"]
[SourceDate "2006.11.11"]

1. d4 Nf6 2. Nf3 e6 3. Bf4 Be7 4. h3 O-O 5. e3 c5 6. Nbd2 b6 7. Bd3 Bb7 8. O-O
d6 9. c3 Nc6 10. Qe2 Rc8 11. Rad1 Qc7 12. Bh2 Rfe8 13. dxc5 bxc5 14. Nc4 Red8
15. e4 Nd7 16. Rfe1 Na5 17. Ne3 c4 18. Bb1 Qb6 19. Rd2 Nc5 20. Nf1 Bc6 21. Nd4
Bb7 22. e5 Nd3 23. Red1 dxe5 24. Bxe5 Nc6 25. Bxd3 cxd3 26. Rxd3 Nxe5 27. Qxe5
Bf6 28. Qb5 Qxb5 29. Nxb5 Rxd3 30. Rxd3 Bd5 31. Ne3 Bxa2 32. Nxa7 Rb8 33. Rd2
h5 34. Nc6 Rc8 35. Nb4 Bb3 36. g4 1/2-1/2

[Event "Prefeitura de São Paulo"]
[Site "Sao Paulo BRA"]
[Date "2006.11.17"]
[Round "9.3"]
[White "Bachmann, Axel"]
[Black "Milos, Gilberto"]
[Result "1/2-1/2"]
[WhiteElo "2473"]
[BlackElo "2563"]
[PlyCount "105"]
[EventDate "2006.15.11"]
[EventType "tourn"]
[EventRounds "11"]
[EventCountry "BRA"]
[EventCategory "10"]
[Source "lmi"]
[SourceDate "2006.11.11"]

1. e4 e5 2. Nf3 Nf6 3. Nxe5 d6 4. Nf3 Nxe4 5. Nc3 Nxc3 6. dxc3 Be7 7. Bf4 Nd7
8. Qd2 O-O 9. O-O-O Nc5 10. Nd4 Ne6 11. Be3 Nxd4 12. Bxd4 Be6 13. c4 c5 14. Be3
a6 15. Bf4 b5 16. Bxd6 Bxd6 17. Qxd6 Qa5 18. Qxc5 Qxa2 19. Qa3 Qxa3 20. bxa3
bxc4 21. Kb2 Rab8+ 22. Kc3 Rb5 23. Be2 Rfb8 24. Rd4 Ra5 25. Ra1 Kf8 26. Bg4 Bd5
27. g3 f6 28. a4 Bf7 29. Be2 Re5 30. Bf1 g5 31. Rad1 Rf5 32. f4 gxf4 33. Rxf4
Rxf4 34. gxf4 Re8 35. Bxc4 Bxc4 36. Kxc4 Re2 37. Kb3 Rxh2 38. Rd6 Ke7 39. Rxa6
Rf2 40. a5 Rxf4 41. Rb6 Rf1 42. Kb4 Kd7 43. a6 Kc7 44. Re6 h5 45. c4 h4 46. Kb5
h3 47. Re7+ Kd6 48. Rh7 Rb1+ 49. Ka5 Ra1+ 50. Kb6 Rb1+ 51. Ka5 Ra1+ 52. Kb6
Rb1+ 53. Ka5 1/2-1/2

[Event "Prefeitura de São Paulo"]
[Site "Sao Paulo BRA"]
[Date "2006.11.17"]
[Round "9.5"]
[White "Lima, Darcy"]
[Black "Felgaer, Ruben"]
[Result "1/2-1/2"]
[WhiteElo "2466"]
[BlackElo "2591"]
[PlyCount "38"]
[EventDate "2006.15.11"]
[EventType "tourn"]
[EventRounds "11"]
[EventCountry "BRA"]
[EventCategory "10"]
[Source "lmi"]
[SourceDate "2006.11.11"]

1. d4 d5 2. c4 c6 3. cxd5 cxd5 4. Nf3 Nf6 5. Nc3 Nc6 6. Bf4 e6 7. e3 Nh5 8. Be5
Nxe5 9. Nxe5 Nf6 10. Bb5+ Bd7 11. Nxd7 Nxd7 12. O-O Be7 13. e4 dxe4 14. d5 a6
15. dxe6 axb5 16. exd7+ Qxd7 17. Nxe4 Qc6 18. Re1 O-O 19. Rc1 Qb6 1/2-1/2

[Event "Prefeitura de São Paulo"]
[Site "Sao Paulo BRA"]
[Date "2006.11.17"]
[Round "9.6"]
[White "El Debs, Felipe"]
[Black "Vescovi, Giovanni"]
[Result "1/2-1/2"]
[WhiteElo "2370"]
[BlackElo "2592"]
[PlyCount "75"]
[EventDate "2006.15.11"]
[EventType "tourn"]
[EventRounds "11"]
[EventCountry "BRA"]
[EventCategory "10"]
[Source "lmi"]
[SourceDate "2006.11.11"]

1. d4 Nf6 2. c4 c5 3. Nf3 e6 4. g3 cxd4 5. Nxd4 Bb4+ 6. Bd2 Be7 7. Bg2 Nc6 8.
Nc2 d5 9. cxd5 exd5 10. O-O O-O 11. Nc3 d4 12. Ne4 Re8 13. Nxf6+ Bxf6 14. Nb4
Bg4 15. Re1 Nxb4 16. Bxb4 Qb6 17. Ba3 Rad8 18. Qd3 Qe6 19. Bf3 h5 20. h4 Bxf3
21. Qxf3 Rd5 22. Rac1 Re5 23. Kf1 Qh3+ 24. Kg1 Re3 25. Qxb7 d3 26. Qg2 Qxg2+
27. Kxg2 Rxe2 28. Rxe2 Rxe2 29. Rd1 Bd4 30. Rxd3 Rxf2+ 31. Kh3 Bb6 32. g4 Kh7
33. gxh5 Kh6 34. Kg3 Rf5 35. Bf8 Rxh5 36. b4 Re5 37. a4 Re8 38. Bc5 1/2-1/2

[Event "Prefeitura de São Paulo"]
[Site "Sao Paulo BRA"]
[Date "2006.11.18"]
[Round "10.1"]
[White "Sunye, Jaime"]
[Black "Vescovi, Giovanni"]
[Result "0-1"]
[WhiteElo "2503"]
[BlackElo "2592"]
[PlyCount "84"]
[EventDate "2006.15.11"]
[EventType "tourn"]
[EventRounds "11"]
[EventCountry "BRA"]
[EventCategory "10"]
[Source "lmi"]
[SourceDate "2006.11.11"]

1. c4 e6 2. Nc3 d5 3. d4 c6 4. cxd5 exd5 5. Bf4 Ne7 6. e3 Ng6 7. Bg3 Nd7 8. Bd3
Be7 9. Nf3 Nb6 10. Qc2 Be6 11. h4 Nf8 12. h5 h6 13. Nh4 Bd6 14. Bxd6 Qxd6 15.
f3 Nfd7 16. g4 O-O 17. O-O-O c5 18. Qh2 Qe7 19. Qf4 Rac8 20. Kb1 Rfe8 21. Nf5
Bxf5 22. Bxf5 Rcd8 23. e4 dxe4 24. Bxe4 Nf6 25. Rhe1 Qf8 26. d5 Nbxd5 27. Nxd5
Nxd5 28. Qf5 Nf6 29. Bxb7 Rxe1 30. Rxe1 c4 31. Qa5 Qd6 32. Rc1 Rb8 33. Ba6 Qh2
34. Qa3 Nd7 35. Bxc4 Ne5 36. Bb3 Nd3 37. Rd1 Qe2 38. Bc2 Nxb2 39. Qxa7 Qe8 40.
Rd7 Na4+ 41. Kc1 Nc5 42. Re7 Qb5 0-1

[Event "Prefeitura de São Paulo"]
[Site "Sao Paulo BRA"]
[Date "2006.11.18"]
[Round "10.3"]
[White "Leitao, Rafael"]
[Black "Lima, Darcy"]
[Result "1/2-1/2"]
[WhiteElo "2601"]
[BlackElo "2466"]
[PlyCount "54"]
[EventDate "2006.15.11"]
[EventType "tourn"]
[EventRounds "11"]
[EventCountry "BRA"]
[EventCategory "10"]
[Source "lmi"]
[SourceDate "2006.11.11"]

1. d4 Nf6 2. c4 g6 3. Nc3 d5 4. Bg5 Ne4 5. Bh4 Nxc3 6. bxc3 dxc4 7. e3 Be6 8.
Nf3 Bg7 9. Be2 c5 10. O-O cxd4 11. Nxd4 Bd5 12. e4 Bc6 13. Bxc4 O-O 14. Qb3 Qc7
15. Rfd1 e6 16. Bg3 Qa5 17. Bxe6 Bxd4 18. cxd4 fxe6 19. Qxe6+ Rf7 20. Qc8+ Rf8
21. Qe6+ Rf7 22. d5 Bd7 23. Qd6 Ba4 24. Qa3 Nd7 25. e5 Rf5 26. Rd4 Nb6 27. Rc1
Re8 1/2-1/2

[Event "Prefeitura de São Paulo"]
[Site "Sao Paulo BRA"]
[Date "2006.11.18"]
[Round "10.4"]
[White "Milos, Gilberto"]
[Black "Diamant, Andre"]
[Result "1/2-1/2"]
[WhiteElo "2563"]
[BlackElo "2396"]
[PlyCount "71"]
[EventDate "2006.15.11"]
[EventType "tourn"]
[EventRounds "11"]
[EventCountry "BRA"]
[EventCategory "10"]
[Source "lmi"]
[SourceDate "2006.11.11"]

1. d4 Nf6 2. c4 e6 3. Nf3 b6 4. Nc3 Bb7 5. Bg5 Bb4 6. e3 Bxc3+ 7. bxc3 d6 8.
Bd3 h6 9. Bh4 Nbd7 10. O-O Qe7 11. Nd2 g5 12. Bg3 h5 13. f4 h4 14. Be1 gxf4 15.
Rxf4 h3 16. g3 O-O-O 17. Rf2 Rdg8 18. e4 Nh5 19. Nf1 Ndf6 20. Qf3 Rg7 21. Ne3
Rhg8 22. Rf1 Kb8 23. Kh1 Ng4 24. Nxg4 Rxg4 25. Qxf7 Qg5 26. d5 a5 27. Rb1 Rg7
28. Qf8+ Ka7 29. Rb2 Qe5 30. Qf3 R4g6 31. Qe3 exd5 32. Rf5 Qxf5 33. exf5 d4+
34. Kg1 dxe3 35. fxg6 Nf4 36. Bf5 1/2-1/2

[Event "Prefeitura de São Paulo"]
[Site "Sao Paulo BRA"]
[Date "2006.11.18"]
[Round "10.5"]
[White "Fier, Alexandr"]
[Black "Bachmann, Axel"]
[Result "1/2-1/2"]
[WhiteElo "2490"]
[BlackElo "2473"]
[PlyCount "183"]
[EventDate "2006.15.11"]
[EventType "tourn"]
[EventRounds "11"]
[EventCountry "BRA"]
[EventCategory "10"]
[Source "lmi"]
[SourceDate "2006.11.11"]

1. e4 d6 2. d4 Nf6 3. Nc3 g6 4. f4 Bg7 5. Nf3 O-O 6. e5 Nfd7 7. h4 c5 8. h5
cxd4 9. Qxd4 dxe5 10. Qf2 e4 11. Nxe4 Nf6 12. Bd3 Bf5 13. Nxf6+ exf6 14. Be3
Qa5+ 15. Kf1 Bxd3+ 16. cxd3 Re8 17. Re1 Qd5 18. Qh4 Qxd3+ 19. Kf2 Nd7 20. hxg6
fxg6 21. Qxh7+ Kf7 22. f5 Qxf5 23. Bh6 Qc5+ 24. Kg3 Qd6+ 25. Kh3 Rg8 26. Rhf1
Qd5 27. Kg3 Nf8 28. Rd1 Qc5 29. b4 Qc7+ 30. Bf4 Qxf4+ 31. Kxf4 Nxh7 32. Rd7+
Kf8 33. Rh1 Ng5 34. Nxg5 fxg5+ 35. Kxg5 Rh8 36. Rf1+ Kg8 37. Rxb7 Bf8 38. Rf6
Rh5+ 39. Kxg6 Rd5 40. Rf5 Rd6+ 41. Rf6 Rd2 42. Ra6 Rxg2+ 43. Kf5 Rf2+ 44. Ke4
Re8+ 45. Kd5 Rd8+ 46. Kc4 Rc8+ 47. Kd3 Rf3+ 48. Ke4 Rh3 49. Raxa7 Bxb4 50. Kf5
Bf8 51. Ra4 Rc5+ 52. Kg4 Rch5 53. Ra8 R3h4+ 54. Kg3 Rd4 55. a4 Rc5 56. Rb3 Rg5+
57. Kf2 Rd2+ 58. Ke3 Rh2 59. Rb5 Rh3+ 60. Kf4 Rxb5 61. axb5 Kf7 62. Ke4 Rb3 63.
Rb8 Bd6 64. Rb6 Ke6 65. Kd4 Rb4+ 66. Kc3 Rh4 67. Rb7 Kd5 68. Kd3 Rh3+ 69. Ke2
Rb3 70. Rh7 Bf4 71. Re7 Rxb5 72. Kf3 Be5 73. Rd7+ Bd6 74. Rd8 Rb3+ 75. Ke2 Ke5
76. Kd2 Bb4+ 77. Kc2 Rc3+ 78. Kb2 Rc7 79. Rh8 Bc3+ 80. Kb3 Bd4 81. Rd8 Ke4 82.
Kb4 Kd3 83. Kb5 Rc5+ 84. Kb4 Rc6 85. Rd5 Rc1 86. Kb5 Rb1+ 87. Kc6 Kc4 88. Rd6
Bc5 89. Re6 Kd4 90. Re2 Rb6+ 91. Kc7 Rf6 92. Rg2 1/2-1/2